[Event "Bundesliga 0203"]
[Site "Germany"]
[Date "2002.12.13"]
[Round "7.1"]
[White "Nikolic, Predrag"]
[Black "Macieja, Bartlomiej"]
[Result "1-0"]
[WhiteElo "2661"]
[BlackElo "2615"]
[Annotator "Finkel,A"]
[PlyCount "105"]
[EventDate "2002.10.19"]
[EventType "team-tourn"]
[EventRounds "15"]
[EventCountry "GER"]
[SourceTitle "CBM 093"]
[Source "ChessBase"]
[SourceDate "2003.04.01"]
[SourceVersion "1"]
[SourceVersionDate "2003.04.01"]
[SourceQuality "1"]
[WhiteTeam "Solingen"]
[BlackTeam "Wattenscheid"]
[WhiteTeamCountry "GER"]
[BlackTeamCountry "GER"]

1. d4 Nf6 2. Nf3 e6 3. c4 b6 4. g3 Ba6 5. b3 Bb4+ 6. Bd2 Be7 7. Nc3 O-O 8. Qc2
d5 9. cxd5 Nxd5 10. Nxd5 {Nikolich an expert in this line, but this move
doesn't seem to promise white anything special.} (10. Rd1 c5 11. dxc5 bxc5 12.
Bg2 Nc6 13. O-O Rc8 14. Rfe1 Nd4 15. Qb2 Nxc3 16. Bxc3 Bxe2 $13 {Nikolic,P-Sax,
G/Wijk aan Zee 1989}) (10. Bg2 Nd7 (10... c5 11. O-O Nc6 12. Nxd5 (12. dxc5
bxc5 13. Rfd1 Rc8 14. Qb2 Qb6 15. e4 Ndb4 16. Na4 Qb7 $132 {Zhu Chen-Karpov,A/
Dubai 2002}) 12... exd5 13. Bc3 Bf6 (13... Rc8 14. Qb2 c4 15. Ne5 b5 16. a3 Re8
17. Rfe1 Bf8 18. Nxc6 Rxc6 19. e4 dxe4 20. Rxe4 Rxe4 21. Bxe4 Re6 $11 {Dautov,
R-Lutz,C/Germany 2001}) 14. Rfd1 Qe7 15. e3 Rac8 16. Qb2 Rfd8 17. Rac1 cxd4 18.
Nxd4 Ne5 19. Qd2 $14 {Vyzmanavin,A-Hellers,F/Stockholm 1990}) 11. O-O c5 12.
Rfd1 Rc8 13. Qb2 Bb7 (13... N7f6 14. dxc5 bxc5 15. Rac1 Qb6 16. Ne5 Qb8 17.
Nxd5 exd5 18. Bf4 Qb7 $13 {Eingorn,V-Shneider,A/Leningrad 1990}) 14. Rac1 (14.
e4 Nb4 (14... N5f6 15. d5 exd5 16. exd5 Bd6 17. Bh3 h6 18. Nb5 Bb8 19. Bc3 a6
20. Na3 b5 21. Nc2 Re8 22. Ne3 $14 {Topalov,V-Karpov,A/Monte Carlo 2001}) 15.
Be3 Qe8 16. a3 Nc6 17. d5 exd5 18. exd5 Na5 19. Re1 Qd8 20. Rad1 Bf6 21. Qc2
$14 {Ivanchuk,V-Ehlvest,J/Tallinn 2000}) 14... N7f6 15. Nxd5 Bxd5 16. dxc5 Rxc5
{1/2-1/2 Nikolic,P-Ehlvest,J/Skelleftea 1989}) 10... exd5 11. e3 Bxf1 12. Kxf1
Nd7 ({Black got good counterchances also after} 12... c5 13. Kg2 Nd7 14. dxc5
bxc5 15. Rhd1 Nf6 16. Bc3 Ne4 17. Rac1 Qd6 $13 {Beliavsky,A-Wu Shaobin/Bled
2002}) 13. Qc6 {Temporarily preventing black from playing c5.} Nf6 14. Kg2 Bd6
15. Rhc1 Qe7 ({Deserved attention} 15... a5 $5 16. a3 Qe7 17. b4 a4 (17... axb4
18. Bxb4 Bxb4 19. axb4 Rxa1 20. Rxa1 Qxb4 21. Qxc7 $14) 18. Be1 Rfe8 $132 {
leaving white with passive bishop on e1.}) 16. b4 Rfc8 17. Rab1 h6 18. Be1 Qe4
19. a4 Ng4 20. Qc2 c5 21. bxc5 (21. dxc5 bxc5 22. b5 Qe6 23. Bc3 Ne5 24. Bxe5
Bxe5 25. Nxe5 Qxe5 $11) 21... bxc5 22. dxc5 Rxc5 {It seems that after this
move agame should end up a draw, but black makes series of mistake in
relatively simple endgame.} (22... Bxc5 23. h3 Nf6 24. Rb5 Nd7 $11) 23. Qxe4
dxe4 24. Nd4 Rxc1 25. Rxc1 Ne5 26. Ba5 $1 a6 (26... Nd3 27. Rc6 Bc5 28. Bc3 Rb8
29. Nf5 Bf8 30. g4 $14 {[%csl Re4]}) 27. Bb6 {[%cal Ga4a5]} a5 $6 {[%csl Ra5]
The pawn on a5 is a target for white pieces so safer was} (27... g6 28. a5 Kf8
$11 {with balanced position.}) 28. Nc6 Nxc6 $2 {Blunder leading to very
difficult endgame.} (28... Nd3 29. Rc4 (29. Rb1) 29... Ra6 30. Bd4 f5 31. Bc3
Bb4 $11) 29. Rxc6 $16 Bb4 30. g4 $1 {[%csl Ra5,Re4] It proves impossible for
black to defened 2 weaknesses in his camp.} Kh7 $6 (30... Re8 $5 31. Kg3 Re5
32. h4 Rd5 {[%csl Rf2][%cal Gb4e1,Gd5d2]}) 31. Rc7 Kg8 32. h4 Rb8 33. Rc6 Kh7
34. Kg3 Be1 35. h5 Rb7 36. Kf4 Bxf2 (36... Re7 37. Rc5 Bxf2 38. Rxa5 Bg1 39.
Kg3 $18) 37. Bxa5 $18 Ra7 38. Rc5 Bh4 39. Kxe4 Bg5 40. Kd3 g6 41. e4 Bh4 42.
Kc4 Bf2 43. Rd5 f6 44. e5 fxe5 45. Rxe5 Rf7 46. Bd2 Rc7+ 47. Kd3 Rd7+ 48. Ke2
Bd4 49. hxg6+ Kxg6 50. Re6+ Kf7 51. Rxh6 Bg7 52. Ra6 Be5 53. Be3 1-0

[Event "RUS-chT 11th"]
[Site "Sochi"]
[Date "2004.04.20"]
[Round "1.4"]
[White "Ionov, Sergey"]
[Black "Beliavsky, Alexander G"]
[Result "1/2-1/2"]
[WhiteElo "2538"]
[BlackElo "2667"]
[Annotator "Finkel,A"]
[PlyCount "163"]
[EventDate "2004.04.20"]
[EventType "team-tourn"]
[EventRounds "9"]
[EventCountry "RUS"]
[SourceTitle "EXT 2020"]
[Source "ChessBase"]
[SourceDate "2019.10.17"]
[SourceVersion "1"]
[SourceVersionDate "2019.10.17"]
[SourceQuality "1"]
[WhiteTeam "Sankt Petersburg"]
[BlackTeam "Ekaterinburg Max Ven"]
[WhiteTeamCountry "RUS"]
[BlackTeamCountry "RUS"]

1. d4 Nf6 2. c4 e6 3. Nf3 b6 4. g3 Ba6 5. b3 Bb4+ 6. Bd2 Be7 7. Nc3 O-O 8. Rc1
{Even though a hundreds of games were played in this line, in none of them
white opted for 8.Rc1.} (8. Qc2 d5 9. cxd5 Nxd5 10. Nxd5 exd5 11. e3 Bxf1 12.
Kxf1 c5 13. Kg2 Nd7 14. dxc5 bxc5 15. Rhd1 Nf6 16. Bc3 Ne4 17. Rac1 Qd6 $13 {
Beliavsky,A-Wu Shaobin/Bled 2002}) (8. e4 d5 9. cxd5 Bxf1 10. Kxf1 exd5 11. e5
Ne4) 8... Ba3 9. Rc2 (9. Rb1 d5 10. cxd5 (10. b4 c5 11. bxc5 bxc5 12. cxd5 exd5
13. Qa4 cxd4 14. Qxa3 dxc3 15. Bxc3 Ne4 $13) 10... exd5 11. Bg2 c5 12. O-O Nc6
13. Bg5 Re8 $132) 9... Nc6 10. Bc1 Bb4 (10... Bxc1 11. Rxc1 Bb7 12. Bg2 Ne7 13.
O-O d6 14. Qd3 Re8 15. e4 $14) 11. Bg2 (11. a3 Bxc3+ 12. Rxc3 Bb7 13. Bg2 Ne7
14. O-O d6 $13) 11... b5 $5 {Beliavsky is famous for his uncompromising style,
that's why he starts a fight for the initiative from the very first moves.} 12.
cxb5 Bxb5 13. Bd2 (13. O-O Bxc3 14. Rxc3 Ne4 (14... Rb8 15. Re1 Ne4) 15. Re3 d5
16. a4 Ba6 17. Ba3 $14) 13... Rb8 14. O-O a5 {Black's play on the queenside is
based on the advance of an a-pawn.} 15. Nxb5 Rxb5 16. Bg5 Be7 17. Bxf6 Bxf6 18.
Qd2 Nb4 19. Rcc1 c6 20. Rfd1 Qa8 21. e3 (21. e4 d5 22. e5 Be7 23. Rc3 Rb6 24.
Rdc1 $13) 21... Rfb8 22. Ne5 $6 {I don't like the idea to give black a chance
to get rid of the knight.} Bxe5 23. dxe5 R5b7 24. Rc4 Nd5 25. Rdc1 (25. Ra4 Ra7
26. Rh4 a4 27. Qc2 h6 28. Rxa4 Rxa4 29. bxa4 Rb4 30. Rd4 $13) 25... Rb4 26. Qd4
Qb7 27. Qc5 a4 28. bxa4 Rxc4 29. Qxc4 Qb2 30. a5 Qd2 (30... Qxe5 $5) 31. Qc2 (
31. a6 Rb2 $6 32. Qf1 $16) 31... Qxa5 32. Rb1 Ra8 33. Bxd5 exd5 (33... Qxd5 34.
Qa4 Rf8 35. Rd1 Qxe5 36. Rxd7 $11) 34. Rb2 g6 35. Kg2 $6 (35. Rb7 Ra7 36. Qb2
Rxb7 37. Qxb7 Qxa2 38. Qxd7 Qa1+ 39. Kg2 Qxe5 40. Qxc6 $11) 35... d4 36. exd4
Qd5+ 37. Kg1 Qxd4 38. Qe2 Re8 39. Rd2 $6 (39. Qd2) 39... Rxe5 (39... Qa1+ 40.
Rd1 Qxe5 (40... Rxe5 41. Qd2 $18 {[%csl Ra1]}) 41. Qxe5 Rxe5 42. Rxd7 $11) 40.
Rxd4 Rxe2 41. Rxd7 Rxa2 42. Rc7 Rc2 43. g4 $1 h6 44. Kg2 Kg7 (44... g5 $5 45.
h4 Kg7 46. Kg3) 45. h4 Kf6 46. Kg3 Rc1 47. f3 Ke6 48. Kf4 Rc4+ 49. Kg3 h5 50.
Rc8 Kf6 51. Rc7 Rc1 52. Kf4 hxg4 53. fxg4 Kg7 54. h5 Kh6 55. hxg6 Kxg6 56. Rc8
Rc4+ 57. Kf3 c5 58. Rg8+ Kh6 59. Rh8+ Kg7 60. Rh5 Rc1 61. Ke3 c4 62. Rg5+ Kh6
63. Rf5 Re1+ 64. Kd2 Re7 65. Kc3 Rc7 66. Ra5 Kg6 67. Rb5 Kf6 68. Rf5+ Ke6 69.
Ra5 Rc8 70. Rb5 Kd6 71. Rf5 Rc7 72. g5 Ke7 73. Rf4 Rc5 74. Rg4 Rc6 75. Rf4 Kf8
76. Rf6 Rxf6 77. gxf6 Kg8 78. Kxc4 Kh7 79. Kd4 Kg6 80. Ke5 Kg5 81. Ke4 Kxf6 82.
Kf4 1/2-1/2

[Event "Linares Anibal op 07th"]
[Site "Linares"]
[Date "2000.01.11"]
[Round "5"]
[White "Maharramzade, Javad"]
[Black "Delchev, Aleksander"]
[Result "1/2-1/2"]
[WhiteElo "2422"]
[BlackElo "2521"]
[Annotator "Finkel,A"]
[PlyCount "104"]
[EventDate "2000.01.07"]
[EventType "swiss"]
[EventRounds "10"]
[EventCountry "ESP"]
[SourceTitle "CBM 075"]
[Source "ChessBase"]
[SourceDate "2000.04.05"]
[SourceVersion "1"]
[SourceVersionDate "2000.04.05"]
[SourceQuality "1"]

1. d4 Nf6 2. Nf3 e6 3. c4 b6 4. g3 Ba6 5. Nbd2 $5 {The most popular reply is 5.
b3,but the move in the game is at least as dangerous for black as the main
line.} Bb4 6. Qc2 O-O (6... c5 $5 7. Bg2 Nc6 8. dxc5 Bxc5 9. O-O O-O 10. a3 Bb7
11. Nb3 Be7 12. e4 Qc7 13. Bf4 d6 14. Rac1 Rac8 $13 {Nemet,I-Shariyazdanov,A/
MTO 1999}) (6... Bb7 7. Bg2 Be4 8. Qd1 Bxd2+ 9. Qxd2 O-O 10. O-O a5 11. b3 a4
12. Ba3 d6 13. Rfd1 Nbd7 14. Bf1 $14 {Topalov,V-Adams,M/It 1999}) 7. Bg2 d5 8.
O-O c5 (8... Bxd2 9. Nxd2 Nc6 10. e3 Qe7 11. b3 Rac8 12. Re1 Rfd8 13. Qc3 $14 {
Ehlvest,J-Kortschnoj,V/Groningen PCA 1993}) 9. dxc5 $5 (9. cxd5 Bxe2 $2 10.
dxe6 $1 Bxf1 11. Nxf1 Nc6 12. a3 Ba5 13. b4 $1 $16 {Walker,D-Gillen,A/BCF-ch
1992}) 9... bxc5 (9... Bxc5 $5 10. a3 Nbd7 (10... Bb7 11. b4 Bd6 12. Bb2 Nbd7
13. cxd5 exd5 14. Nd4 $14) 11. b4 Be7 12. b5 Bb7 13. cxd5 Nxd5 $11) 10. b3 Nbd7
11. Bb2 Qb6 12. e3 Bb7 $132 {The opening stage of the game is over and we can
make some conclusions:black has solved opening problems and now has quiet
comfortable position,however the position remains complicated and every
mistake may change the assesment to both directions.} 13. Rfd1 a5 $6 {Dubious
plan,finally causing black serious problems.Better was} (13... Rad8 14. Rac1
Rfe8 15. cxd5 exd5 16. a3 Ba5 $132) 14. Ne5 a4 (14... Nxe5 15. Bxe5 Ng4 16. Bb2
Rad8 17. Nf3 $14 {[%csl Rb4]}) 15. Nxd7 Nxd7 16. bxa4 Qa6 $6 17. Nb3 $6 {
Letting black to escape,while after 17.a3! he could be severely punished for
his 13th move:} (17. a3 $1 Bxd2 (17... Ba5 18. Nb3 Bb6 (18... dxc4 $2 19. Nxa5
$18 {[%csl Rd7]}) 19. a5 Bxa5 20. Nxa5 Qxa5 21. cxd5 Bxd5 22. Bxd5 exd5 23.
Rxd5 $16) 18. Rxd2 Nb6 19. cxd5 Bxd5 20. Bxd5 Nxd5 21. Qxc5 $16) 17... Nb6 18.
a3 (18. cxd5 c4 19. Nd4 Nxd5 $132) 18... Qxc4 $8 (18... dxc4 19. axb4 cxb3 20.
Qc3 f6 21. b5 Qa7 22. Bxb7 Qxb7 23. Qxb3 $18) 19. Qxc4 $1 (19. Rac1 Qxc2 20.
Rxc2 c4 21. axb4 cxb3 22. Rc3 Rxa4 23. Rxb3 Nc4 $132) 19... Nxc4 20. axb4 (20.
Bxg7 Kxg7 21. axb4 cxb4 $13) 20... Nxb2 21. Nxc5 $1 $36 {White still keeps
slightly better chanse,but with accurate play black manages to equalize.} Nxd1
22. Rxd1 Bc6 $1 (22... Rfb8 $5 23. b5 (23. e4 Bc6 24. b5 Bxb5 25. axb5 Rxb5 26.
Nd3 dxe4 $11) 23... f5 $5 (23... Ra5 24. e4 $16) 24. Ra1 Bc8 25. Bf1 Kf7 26. a5
Ke7 $14) 23. b5 Rfc8 $8 24. bxc6 Rxc6 25. Nb3 Rc3 $11 {The arising ending is
balanced.} 26. Nd4 Ra3 27. e4 $5 dxe4 28. Bxe4 Rd8 $1 (28... R8xa4 29. Nc2 $1
$18 {[%csl Rg8]}) 29. Rc1 (29. Bc2 Ra2 (29... e5 $2 30. Nf5 $1 Rxd1+ 31. Bxd1
Ra1 32. Ne3 $18) 30. Bb3 Rb2 31. Rc1 $1 Kf8 32. Nc6 Rdd2 $13) 29... Rxa4 30.
Nc6 Rf8 31. Bf3 {The draw agreement could have taken place on every move,but
for some reason the game goes on!} g5 32. h3 Kg7 33. Rd1 Rc4 34. Ne5 Rc7 35.
Kg2 Rfc8 36. Rd6 Rc5 37. Nc6 Rc7 38. Nd4 Kf6 39. Ra6 Rd7 40. Ne2 Rc2 41. Rc6
Rxc6 42. Bxc6 Rd2 43. Kf3 Rd6 44. Be4 h5 45. Ke3 Kg7 46. f4 f5 47. Bc2 Kf6 48.
h4 gxh4 49. gxh4 e5 50. fxe5+ Kxe5 51. Nf4 (51. Kf3 Rd2 52. Bb1 Rd1 $11) 51...
Rd4 $1 {Taking advantage of the fact that sqare h8 is dark,while white has
lightcolored bishop.} 52. Ng6+ Kf6 1/2-1/2

[Event "Bundesliga 0405"]
[Site "Germany"]
[Date "2005.01.29"]
[Round "8.8"]
[White "Doettling, Fabian"]
[Black "Michaelsen, Nils"]
[Result "1-0"]
[WhiteElo "2526"]
[BlackElo "2426"]
[Annotator "Finkel,A"]
[PlyCount "95"]
[EventDate "2004.11.12"]
[EventType "team-tourn"]
[EventRounds "15"]
[EventCountry "GER"]
[SourceTitle "CBM 106"]
[Source "ChessBase"]
[SourceDate "2005.06.06"]
[SourceVersion "1"]
[SourceVersionDate "2005.06.06"]
[SourceQuality "1"]
[WhiteTeam "Baden Oos"]
[BlackTeam "Hamburger SK"]
[WhiteTeamCountry "GER"]
[BlackTeamCountry "GER"]

1. d4 Nf6 2. Nf3 e6 3. c4 b6 4. g3 Ba6 5. Nbd2 Bb7 6. Bg2 c5 7. e4 (7. d5 $5
exd5 8. Nh4 g6 $5 9. cxd5 Bg7 10. Nc4 O-O 11. Nd6 Ba6 12. a4 Ne8 13. Ne4 d6 14.
O-O Nd7 15. Rb1 Ndf6 $10 {Van Wely,L-Psakhis,L/Leenwarden/1993}) 7... cxd4 (
7... Nxe4 8. Ne5 d5 (8... Nc3 $4 9. Qh5 g6 10. Qh3 $18) 9. cxd5 $6 (9. Qa4+ $1
Nd7 10. cxd5 exd5 11. Bh3 $18) 9... Nxd2 10. Qa4+ Nd7 11. Bxd2 Bxd5 12. Bxd5
exd5 13. O-O f6 14. Rfe1 $40 {Goldin,A 2535-Smirin,I 2490-Moskva (GMA) 1989}) (
7... d6 8. d5 exd5 9. cxd5 Ba6 10. Bf1 Qc8 11. Qa4+ Nfd7 12. Bxa6 Qxa6 13. Qxa6
Nxa6 14. O-O Nb4 15. Nc4 f5 16. exf5 Nf6 17. Bg5 Nbxd5 18. Rad1 $16 {
Sosonko-Miles, Wijk aan Zee 1981}) 8. O-O (8. Nxd4 Bc5 9. Nb5 (9. N4b3 Be7 10.
O-O Qc7 11. Re1 d6 12. Nd4 O-O 13. b3 a6 14. Bb2 Nbd7 $10 {Piket,J-Salov,V/
Wijk/1992}) (9. Nc2 Qc7 10. O-O Nc6 11. b3 h5 $5 12. Rb1 h4 13. b4 Be7 14. Bb2
hxg3 15. hxg3 a5 16. a3 axb4 17. axb4 $14 {Browne,W-Ivanov,AV/USA-ch/1989/})
9... a6 10. Nc3 Qc7 11. Qe2 Be7 $1 12. O-O d6 13. a4 Nc6 $1 14. b3 O-O $13 {
Welin,T-Chernin,A/Lugano 47/642/1989}) 8... d6 (8... Nc6 9. e5 Ng4 10. h3 Nh6
11. Ne4 $16 {[%csl Rh6]}) 9. Nxd4 Qc8 (9... Nbd7 10. Re1 Qc7 11. a4 (11. Nb5 $1
Qb8 12. c5 $3 {[%cal Gd2c4]} dxc5 (12... Nxc5 13. Nc4 $16) 13. Nc4 e5 14. f4 $1
Bc6 15. Nc3 $1 b5 16. fxe5 $16 {Browne,W-Bradford,J/Dallas 1996}) 11... a6 12.
a5 Be7 13. N2b3 Rc8 14. axb6 Nxb6 15. Na5 Ba8 16. b3 $14 {Huzman,A-Har Zvi,R/
ISR-chT 1996}) (9... Qd7 10. Re1 (10. a4 $1 Be7 11. a5 O-O 12. Re1 Na6 13. b3
bxa5 14. Rxa5 Nc5 15. Qc2 Bd8 16. Ra2 Bb6 $13 {1-0 Yermolinsky,A-Ivanov,A/
USA-ch G1 1997/ (30)}) 10... Be7 11. Nb1 Nc6 12. Nc3 Nxd4 13. Qxd4 O-O 14. b3
Rfd8 15. Bb2 Rab8 16. h3 Ba8 $10 {Ivanchuk,V-Karpov,A/Linares 1994}) (9... a6
$5 10. Re1 Qc7 11. a4 $1 $14 Nc6 12. Nxc6 Bxc6 13. a5 Rb8 $6 14. axb6 Qxb6 15.
Re3 $1 $16 {Salov,V-Karpov,A/Wijk aan Zee 1998}) (9... Qc7 10. b3 Be7 11. Bb2
O-O 12. f4 a6 13. g4 Nc6 14. Nc2 Nd7 15. g5 $40 {Ftacnik,L-Van den Doel,E/
Sonnevanck 1995}) 10. Re1 (10. Qe2 Nbd7 11. b4 Be7 12. Bb2 O-O 13. Rfc1 a6 14.
N2b3 Qc7 15. a4 a5 16. Nb5 Qc8 17. bxa5 bxa5 18. Bc3 $14 {Tuominen,R-Hokkanen,
P/Finland 1998}) (10. a4 Nc6 11. Nxc6 Bxc6 12. b4 Be7 13. b5 Bb7 14. a5 Rb8 15.
Bb2 O-O 16. a6 $16 {Tregubov,P-Brodsky,M/Krasnodar 1998}) (10. b4 Be7 11. a4
O-O 12. a5 bxa5 13. Rxa5 a6 14. Bb2 Nbd7 15. Qe2 Qc7 16. Rc1 $14 {Ivanov,
M-Fuchs,H/Baden 2001}) 10... Be7 11. a4 Nc6 {Usualy black prefers not to trade
the knights in the hedgehog.} (11... O-O 12. a5) 12. Nxc6 Bxc6 13. Nb3 e5 $6 {
[%csl Gd5] Volunterely giving up control over the light squares.} (13... O-O
14. Nd4 Bb7 15. b3 Rd8 16. a5 bxa5 17. Bd2) 14. Nd2 $1 $14 {[%cal Gd2b1,Gb1c3,
Gb2b3] The knight returns to c3 in order to come to d5 at the right moment.}
Qb7 (14... O-O 15. Nb1 Qe6 16. b3 a5 17. Nc3 Nd7 18. Be3 Nc5 19. Rb1 $14) 15.
Qe2 O-O 16. Nb1 h6 17. Nc3 a6 18. b3 Bd7 19. Ba3 Rfd8 20. Red1 Be6 {Another
possible plan wass to open the second front on the kingside, but white doesn't
want to give his opponent any counterplay.} 21. Bb4 (21. h3 Rac8 22. Kh2 Rc7
23. f4 Qb8 24. f5 Bc8 25. Rd3 $14) 21... Bf8 22. Ra2 Qc7 23. Rad2 Rab8 24. Nd5
Nxd5 ({No better was} 24... Bxd5 25. cxd5 b5 26. Rc2 Qa7 27. Ba5 Rdc8 28. Rc6
$16) 25. cxd5 Bc8 26. Rc2 Qa7 27. Rdc1 a5 28. Bd2 Bd7 29. Be3 Rb7 (29... Rdc8
30. Rxc8 Rxc8 31. Rxc8 Bxc8 32. Qb5 $18) 30. Bf3 $1 g6 (30... f5 31. exf5 Bxf5
32. Rc3 {[%cal Gf3g4]} Kh8 33. Bg4 Bh7 34. Rc6 $16) 31. Bg4 Bxg4 (31... f5 32.
exf5 gxf5 33. Bh3 $18 {[%csl Rf5,Rh6][%cal Ge2h5]}) 32. Qxg4 $18 Qa6 33. Qh4 (
33. Rc6 $5) 33... Be7 34. Qxh6 Qd3 35. Rc4 (35. Rc8 Qxe4 36. Rxd8+ Bxd8 37. Rc8
Rd7 38. Qg5 $18) 35... Qxb3 36. h4 Bf8 37. Qg5 Be7 38. Qg4 b5 39. axb5 Qxb5 40.
Rc7 Rxc7 41. Rxc7 Qe8 42. h5 Bf6 43. hxg6 fxg6 44. Qh3 $1 Bg7 45. Bg5 Ra8 46.
Re7 Qf8 (46... Qc8 47. Rxg7+ Kxg7 48. Qh6+ Kf7 49. Qh7+ Kf8 50. Bh6+ Ke8 51.
Qg8+ Kd7 52. Qf7+ Kd8 53. Bg5#) 47. Qe6+ Kh8 48. Rf7 1-0

[Event "FIDE-Wch"]
[Site "San Luis"]
[Date "2005.10.06"]
[Round "8"]
[White "Topalov, Veselin"]
[Black "Leko, Peter"]
[Result "1/2-1/2"]
[WhiteElo "2788"]
[BlackElo "2763"]
[Annotator "Finkel,A"]
[PlyCount "47"]
[EventDate "2005.09.28"]
[EventType "tourn"]
[EventRounds "14"]
[EventCountry "ARG"]
[EventCategory "20"]
[SourceTitle "CBM 110"]
[Source "ChessBase"]
[SourceDate "2006.01.31"]
[SourceVersion "1"]
[SourceVersionDate "2006.01.31"]
[SourceQuality "1"]

1. d4 Nf6 2. c4 e6 3. Nf3 b6 4. g3 Ba6 5. b3 Bb4+ 6. Bd2 Be7 7. Bg2 c6 8. Bc3
d5 9. Ne5 O-O 10. O-O Bb7 {This natural move is considered to be the side-line.
Official theory prefers} (10... Nfd7 {which was tried by Anand in round 2.})
11. Nd2 Na6 {The position of the knight on a6 is quite typical for many
variations of QID. The idea behind a move in the game is to support c5.} 12. e4
Rc8 13. Re1 (13. Bb2 Rc7 14. Rc1 Qa8 15. Re1 Rfc8 16. Qe2 Bf8 17. h3 c5 $11 {
Vaillant,S-Georgiev,K/Metz 1997}) 13... Rc7 $1 {Diagram [#]} ({An excellent
manoeuvre. Black is going to transfer his Q to a8, the R to d8 and to open the
center with c6-c5.} 13... Nd7 14. Nxd7 Qxd7 15. Bb2 Rfd8 16. Qe2 dxc4 17. Nxc4
c5 18. d5 Bf8 19. Rad1 exd5 20. exd5 Nb4 $13 {Leyva,H-Linford,C/Dos Hermanas
2004}) 14. Nd3 {The knight had nothing much to do on e5, so White retreats
with it to d3 preparing an advance of the e-pawn.} (14. a3 c5 15. dxc5 Nxc5 16.
exd5 exd5 17. b4 Ne6 18. Bb2 dxc4 19. Bxb7 c3 20. Bxc3 Rxc3 21. Bg2 $14 {
Chernin,A-Georgiev,K/Villarrobledo 1997}) 14... dxe4 {Due to the threat e4-e5
Black couldn't wait any longer with this capture.} 15. Nxe4 c5 16. Nxf6+ {
Topalov doesn't want to take any risks, so he prefers the move in the game. In
case of} (16. dxc5 Bxe4 17. Bxe4 Nxe4 18. Rxe4 {Black could've tried to play
for a win by} Rd7 {even though it looks like White is doing fine in that case}
(18... Nxc5 19. Nxc5 Bxc5 $11) 19. Qg4 Bg5 20. Ne5 (20. Rd4 $2 Rxd4 21. Qxd4
Qxd4 22. Bxd4 Rd8 23. cxb6 axb6 24. Bxb6 Rxd3 $17) 20... f5 21. Qh5 fxe4 22.
Nxd7 Qxd7 23. Qxg5 Nxc5 24. Rf1 $14) 16... Bxf6 17. Bxb7 Rxb7 18. Ne5 Bxe5 ({
The option 18...cxd4 19.Bxd4 is risky from the strategic standpoint. As the
Ne5 is far too annoying, Black has either to trade it or to take precautions
against the possible Nc6. In both cases White keeps slgihtly better chances.} 
18... cxd4 19. Bxd4 Qc7 20. Qg4 Nc5 21. Rad1 $14) 19. dxe5 Rd7 {Taking over
control over the d-file.} 20. Qe2 Qc7 21. Rad1 Rfd8 22. Rxd7 Qxd7 23. Qe4 {
Diagram [#]} Nb8 ({In case of} 23... Qd3 24. Qxd3 Rxd3 25. Rc1 {Forcing black
to play 25...Nb4 as White is planning to bring the king to e2.} Nb4 26. Bxb4
cxb4 27. c5 bxc5 28. Rxc5 g5 29. Ra5 $11) (23... Nb4 $5) 24. Kg2 1/2-1/2

[Event "Corus"]
[Site "Wijk aan Zee"]
[Date "2000.01.27"]
[Round "10"]
[White "Kramnik, Vladimir"]
[Black "Polgar, Judit"]
[Result "1/2-1/2"]
[WhiteElo "2758"]
[BlackElo "2658"]
[Annotator "Finkel,A"]
[PlyCount "61"]
[EventDate "2000.01.15"]
[EventType "tourn"]
[EventRounds "13"]
[EventCountry "NED"]
[EventCategory "18"]
[SourceTitle "CBM 075"]
[Source "ChessBase"]
[SourceDate "2000.04.05"]
[SourceVersion "1"]
[SourceVersionDate "2000.04.05"]
[SourceQuality "1"]

1. d4 Nf6 2. c4 e6 3. Nf3 b6 4. g3 Ba6 5. b3 Bb4+ 6. Bd2 Be7 {Very solid
variation,quiet suprising for the Polgar's agressive style!This line was
played oftenly on the highest level and proved to be very good way to play for
a draw.} 7. Bg2 c6 8. Bc3 d5 9. Nbd2 Nbd7 10. O-O O-O 11. Re1 c5 12. e4 dxe4
13. Nxe4 Bb7 ({Another good alternative is} 13... Nxe4 14. Rxe4 Bb7 15. Re3 Bf6
16. dxc5 Nxc5 17. Ne5 Bxg2 18. Kxg2 Qc7 19. Qf3 Rad8 $11 {Karpov,A-Anand,V/
Siemens Giants 1999}) 14. Ned2 ({Nothing promises} 14. Nfg5 cxd4 15. Bxd4 Qc7
16. Nxf6+ Bxf6 17. Bxb7 Qxb7 18. Ne4 Be7 $1 19. Qf3 Rab8 20. Qh5 e5 21. Bb2 f6
22. Rad1 {1/2-1/2 Ivanchuk,V-Ljubojevic,L/Tilburg 1989}) 14... Re8 $5 {Black
doesn't want to take on d4 and defends the bishop to prevent d5 in the nearest
future.} (14... Rc8 15. Qe2 cxd4 16. Nxd4 Bxg2 17. Kxg2 Qc7 18. Kg1 Rfe8 19.
Rad1 a6 20. N4f3 Qb7 $11 {Levitina,I-Maric,A/Shanghai ctW 1992}) (14... a6 $6
15. Qe2 cxd4 16. Nxd4 Bxg2 17. Kxg2 Qc7 18. N2f3 Qb7 19. b4 Rfc8 20. Rac1 Bf8
21. Kg1 $14 {[%csl Rd7] Kasparov,G-Ivanchuk,V/Tilburg 1989}) 15. Qe2 Qc7 16.
Rad1 Rad8 17. dxc5 {White has just run out of usefull moves and he finally
takes on c5.} Bxc5 {Keeping square e5 under control.but also after} (17... Nxc5
$5 18. Ne5 Bxg2 19. Kxg2 Rd6 $11 {black is doing o'kay.}) 18. Ng5 (18. b4 Bf8
19. a3 a5 20. Rc1 axb4 21. axb4 Ra8 $11) 18... Bxg2 19. Kxg2 h6 $5 (19... Qb7+
20. Qf3 Qxf3+ 21. Kxf3 Nb8 22. Nge4 Nxe4 23. Nxe4 Be7 $11) 20. Nge4 Be7 21. f4
$5 Nxe4 22. Nxe4 (22. Qxe4 Bf6 $11) 22... f5 $1 $11 (22... Nc5 $2 23. Qg4 $1 {
[%csl Rg7]} g6 24. Nf6+ Bxf6 25. Bxf6 Nd3 26. Rf1 $1 Qc6+ 27. Qf3 $14) 23. Nf2
(23. Nd2 Bf6 24. Bxf6 Nxf6 25. Nf3 Ne4 26. Qe3 Rxd1 27. Rxd1 Rd8 $11) 23... Bf6
24. Bxf6 Nxf6 25. Rxd8 Qxd8 {Black has the only weakness in his position-pawn
e6,which he easily defends,and slightly exposed position of white king gives
him sufficient counterchanses.} 26. Rd1 Qc7 27. Qe5 Qb7+ 28. Kg1 Kf7 29. Rd6
Qf3 30. Qe1 Qb7 31. Qe5 1/2-1/2